Normal view MARC view
  • Children's Hospital of Philadelphia.

Entry Corporate Name

Number of records used in: 4

001 - CONTROL NUMBER

  • control field: 1869

003 - CONTROL NUMBER IDENTIFIER

  • control field: NUST

005 - DATE AND TIME OF LATEST TRANSACTION

  • control field: 20170601161122.0

008 - FIXED-LENGTH DATA ELEMENTS

  • fixed length control field: 170601|| aca||aabn | a|a d

040 ## - CATALOGING SOURCE

  • Original cataloging agency: NUST
  • Transcribing agency: NUST

110 ## - HEADING--CORPORATE NAME

  • Corporate name or jurisdiction name as entry element: Children's Hospital of Philadelphia.

670 ## - SOURCE DATA FOUND

  • Source citation: Work cat.: (NUST)0: Carey, William B. 1864, Understanding your child's temperament /, c1997.
© 2023 Central Library, National University of Sciences and Technology. All Rights Reserved.